Η κραυγή της πεταλούδας : διηγήματα
Αποθηκεύτηκε σε:
| Κύριος συγγραφέας: | |
|---|---|
| Μορφή: | Βιβλίο |
| Γλώσσα: | Greek |
| Δημοσίευση: |
Αθήνα :
Κέδρος,
c2007
|
| Θέματα: | |
| Ετικέτες: |
Προσθήκη ετικέτας
Δεν υπάρχουν, Καταχωρήστε ετικέτα πρώτοι!
|
MARC
| LEADER | 00000cam a2200000 a 4500 | ||
|---|---|---|---|
| 001 | 1/112376 | ||
| 008 | 161125t2007####gr | ||| |||| ||gre|| | ||
| 020 | |a 9789600435658 | ||
| 040 | |a GR-MyUa |b gre |c GR-MyUa |e AACR2 | ||
| 041 | 0 | |a gre | |
| 082 | 7 | |a 889.3 |2 (23) | |
| 100 | 1 | |a Γκιμοσούλης, Κωστής, |d 1960- | |
| 245 | 1 | 2 | |a Η κραυγή της πεταλούδας : |b διηγήματα / |c Κωστής Γκιμοσούλης. |
| 260 | |a Αθήνα : |b Κέδρος, |c c2007 | ||
| 300 | |a 282 σ. ; |c 21 εκ. | ||
| 650 | 0 | |a Greek fiction, Modern. | |
| 852 | |a INST |b SAMOS |e 20161125 |h 889.3 ΓΚΙ |p 005300043960 |q 005300043960 |t BK |y 0 | ||
| 970 | |a Γουβάλα |b Βάσω |z 24-11-2016 | ||